| 000 | 03751nam0a2200469 4500 | ||
|---|---|---|---|
| 001 | RU\NLR\bibl\10159 | ||
| 005 | 20260406052501.0 | ||
| 010 |
_a5-8051-0005-3 _91500 |
||
| 021 |
_aRU _b98-14176 _9669 |
||
| 035 | _a(NLR Aleph) 000009946 | ||
| 090 |
_a32831 _c32831 |
||
| 100 | _a19981217d1998 |||y0rusy50 ca | ||
| 101 | 1 |
_arus _ceng |
|
| 102 | _aRU | ||
| 105 | _aa ||||||||| | ||
| 200 | 1 |
_aVolkswagen Golf II, Jetta & Scirocco, 1982-1991 _eРук. по ремонту и техн. обслуживанию _e[Учеб. пособие _fРоберт Тиллер и Грэм Корби _gПер. с англ. Орлов Е.А. _gРед. Яшков В.А.] |
|
| 210 |
_aСПб. _cПетерГранд _d1998 |
||
| 215 |
_a222 с. _cил. _d29 |
||
| 300 | _aНа обл: VW Golf II - Jetta 1,0/1, 3/1, 5/1, 6/1, 8 : Уход. Ремонт. Обслуживание | ||
| 512 | 1 | _aVW Golf II - Jetta 1,0/1, 3/1, 5/1, 6/1, 8 : Уход. Ремонт. Обслуживание | |
| 606 | 0 |
_aАвтомобили "Фольксваген Гольф" II _jРуководства, пособия и т.п. _xРемонт _92079845 _3RU\NLR\auth\661255744 |
|
| 606 | 0 |
_aVolkswagen "Golf" II, легковые автомобили _jРуководства, пособия и т.п. _xРемонт _92087731 _3RU\NLR\auth\661263907 |
|
| 606 | 0 |
_aАвтомобили "Фольксваген Гольф" II _jРуководства, пособия и т.п. _xТехническое обслуживание _92079848 _3RU\NLR\auth\661255747 |
|
| 606 | 0 |
_aVolkswagen "Golf" II, легковые автомобили _jРуководства, пособия и т.п. _xТехническое обслуживание _92098459 _3RU\NLR\auth\661269427 |
|
| 606 | 0 |
_aАвтомобили "Фольксваген Джетта" _jРуководства, пособия и т.п. _xРемонт _92079850 _3RU\NLR\auth\661255749 |
|
| 606 | 0 |
_aVolkswagen "Jetta", легковые автомобили _jРуководства, пособия и т.п. _xРемонт _92083189 _3RU\NLR\auth\661259239 |
|
| 606 | 0 |
_aАвтомобили "Фольксваген Джетта" _jРуководства, пособия и т.п. _xТехническое обслуживание _92079852 _3RU\NLR\auth\661255751 |
|
| 606 | 0 |
_aVolkswagen "Jetta", легковые автомобили _jРуководства, пособия и т.п. _xТехническое обслуживание _92098461 _3RU\NLR\auth\661269428 |
|
| 606 | 0 |
_aАвтомобили "Фольксваген Сирокко" _jРуководства, пособия и т.п. _xРемонт _92079925 _3RU\NLR\auth\661255826 |
|
| 606 | 0 |
_aVolkswagen "Scirocco", легковые автомобили _jРуководства, пособия и т.п. _xРемонт _92083187 _3RU\NLR\auth\661259237 |
|
| 606 | 0 |
_aАвтомобили "Фольксваген Сирокко" _jРуководства, пособия и т.п. _xТехническое обслуживание _92079929 _3RU\NLR\auth\661255830 |
|
| 606 | 0 |
_aVolkswagen "Scirocco", легковые автомобили _jРуководства, пособия и т.п. _xТехническое обслуживание _92104919 _3RU\NLR\auth\661272628 |
|
| 686 | _aО335.52-08я7"Volkswagen" | ||
| 700 | 1 |
_4070 _8rus _7ca _aТиллер _bР. _gРоберт _3RU\NLR\auth\777449 _9117383 |
|
| 701 | 1 |
_4070 _8rus _7ca _aКорби _bГ. _gГрэм _3RU\NLR\auth\777450 _9117384 |
|
| 702 | 1 |
_4340 _8rus _7ca _aЯшков _bВ. А. _cспециалист техн. профиля, автомобили _3RU\NLR\AUTH\777451 _9117385 |
|
| 801 | 0 |
_aRU _bNLR _c19981217 _gPSBO |
|
| 801 | 1 |
_aRU _bNLR _c19981217 |
|
| 852 |
_aNLR _j98-8/588 |
||
| 942 | _cBOOK | ||
| 980 | _aNB | ||